| 000 | 00986nam a2200241 a 4500 | ||
|---|---|---|---|
| 001 | 38913 | ||
| 003 | BD-RjUL | ||
| 005 | 20211209052901.0 | ||
| 008 | 161019s1955 ii ||||| |||| 00| 0 ben d | ||
| 020 | _c: IRs 40.00 | ||
| 035 | _a(BD-RjUL)39023 | ||
| 040 |
_aBD-RjUL _bben _cBD-RjUL |
||
| 041 | _aben | ||
| 082 |
_223 _a891.2109 _bMUK 1955 |
||
| 100 |
_aমুখোপাধ্যায়, হরেকৃষ্ণ _9120058 |
||
| 245 | 1 | 0 |
_aকবি জয়দেব ও শ্রীগীতগোবিন্দ / _cহরেকৃষ্ণ মুখোপাধ্যায় |
| 250 | _a৩য় সং. | ||
| 260 |
_aকলিকাতা : _bদে;জ পাবলিশিং, _c১৯৫৫ [১৩৬২] |
||
| 300 |
_a৩৪১ পৃ. ; _c২২ সে.মি. |
||
| 650 |
_aসংস্কৃত কবিতা _9120059 _xইতিহাস ও সমালোচনা |
||
| 650 |
_aSanskrite Poetry _9120060 _xHistroy & Criticism |
||
| 942 |
_2ddc _cBK |
||
| 999 |
_c38913 _d38913 |
||